| 000 | 00638nam a22001937a 4500 | ||
|---|---|---|---|
| 999 |
_c173041 _d173041 |
||
| 005 | 20200218102634.0 | ||
| 010 | _aENG-127889 | ||
| 020 |
_c995.00 _a9780199490592 |
||
| 035 | _aEN-111421 | ||
| 037 | _bDBAD/PUB | ||
| 082 | _a304.640830954 | ||
| 100 | _aMehdi,Ali | ||
| 245 |
_aA shot of justice : _cby Ali Mehdi _bpriority-setting for addressing child mortality |
||
| 260 |
_aNew Delhi _c2019 _bOxford University Press |
||
| 270 |
_a2/11 Ground Floor,Ansari Road,Dariyaganj _e110002 _bNew Delhi |
||
| 300 |
_axxiii;246p. _b22(hb) |
||
| 500 | _aincludes bibliographical references and index | ||
| 942 |
_2ddc _cEN _hMEH _k324.9540532 |
||